000 00739nam a2200241Ia 4500
003 OSt
005 20220923225354.0
006 a|||||r|||| 00| 0
007 ta
008 220922b |||||||| |||| 00| 0 hin d
024 _a264,409
037 _cTextual
040 _aARTS
_cARTS
_bhin
041 _2hin
_ahin
082 _aP1511, L3
100 _aजैन, कोमलचन्द्र
245 0 _aपालि - प्रवेशिका
246 _aPāli - praveshikā
260 _aवाराणसी
_b तारा पब्लिकेशन्स
_c1973
300 _a180पृ.
_ccm.
942 _hP1511, L3
_cTEXL
_2CC
999 _c377833
_d377833